000 00388nam a22001577a 4500
020 _a978-1-44629-658-5
082 _a650.072
100 _aEasterby-Smith, Mark
245 _aManagement & Business Research
250 _a5th
260 _aLondon:
_bSAGE Publication,
_c2015
300 _axvi,377p.: ill.; 26cm
700 _aThorpe, Richard
700 _aJackson, Paul R.
942 _cBK
999 _c22215
_d22215